01245cam a22003495a 4500999001700000001001000017003000300027005001700030008004100047015001900088016001800107020002500125020002200150040004000172042001600212082002200228100003000250245011200280250003200392260006600424300003600490500002500526500003900551504005100590650003100641651001000672653002100682700003600703856002800739942000800767952012000775 c26821d26793015467348Uk20180719104148.0090928t2010 njua frb 001 0 eng d aGBB0C62862bnb7 a0154673482Uk a9780137029150 (pbk.) a0137029152 (pbk.) aStDuBDSbengcStDuBDSdUkdEG-ScBUE aukblcatcopy04a658.4012bWHE22210aWheelen, Thomas L.91171510aStrategic management and business policy :bachieving sustainability /cThomas L. Wheelen, J. David Hunger. a12th ed., International ed. aUpper Saddle River, N.J. ;aLondon :bPrentice Hall,cc.2010. a979 p. :bill. (col.) ;c26 cm. aPrevious ed. : 2008. aIncludes Student Access code card. aIncludes bibliographical references and index. 7aStrategic planning.2BUEsh 2BUEsh bBUSADMcJuly20181 aHunger, J. David,d1941-91171904uwww.mymanagementlab.com 2ddc 00102ddc40708BaccahaMAINbMAINc1STd2018-07-19ePurchasel0o658.4012 WHEp000043467r2025-07-15 00:00:00yBB